| 000 | 00611nam a2200181 a 4500 | ||
|---|---|---|---|
| 001 | BRCA_1432 | ||
| 005 | 20190320203427.0 | ||
| 008 | 831213s1999 sp-a---###---#000-0#spa-d | ||
| 050 | 4 |
_aM33 _b.M36 1999 |
|
| 245 | 1 | 0 | _aEl mantón de Manila. |
| 260 |
_a[Madrid] _bMuseo Municipal de Madrid _c1999 |
||
| 300 |
_a180 p. _bil. a color _c23 cm. |
||
| 500 | _aCatálogo de la exposición realizada en el Museo Municipal de Madrid, 4 mayo - 27 junio, 1999 | ||
| 504 | _aBibliografía: p. 180 | ||
| 650 | 1 | 4 |
_aZarzuelas _xCuentas del piano [catálogo antiguo] _94689 |
| 650 | 1 | 4 |
_aMantón de Manila _94690 |
| 942 |
_2lcc _cB |
||
| 999 |
_c1294 _d1294 |
||